| 000 | 02059 a2200265 4500 | ||
|---|---|---|---|
| 003 | OSt | ||
| 005 | 20180116192351.0 | ||
| 008 | 120605t 2007xxu||||| |||| 00| 0 eng d | ||
| 020 | _a0470034769 (paperback) | ||
| 020 | _a9780470034767 (paperback) | ||
| 040 | _c0 | ||
| 082 | 0 | 4 | _a720.954 |
| 245 | 1 | 0 |
_aMade in india / _cKazi Ashraf. |
| 260 |
_aLondon : _bWiley, _c2007. |
||
| 300 |
_a160 p. : _bill; _c28 cm. |
||
| 490 | 1 | _aArchitectural design. | |
| 520 | _aMade in India Guest-edited by Kazi K Ashraf The architectural and urban landscape of India is being remade in unexpected and exuberant ways. New economic growth, the infiltration of global media and technologies, and the transnational reach of the diasporic Indian have unleashed a new cultural and social dynamic. While the dynamic is most explicit and visible in the context of the Indian city, a different set of transformations is taking place in the rural milieu. Yet, as the political writer Sunil Khilnani notes, the world's sense of India, of what it stands for and what it wishes to become, seems as confused and divided today as is India's own sense of itself. It is a challenge, in these conditions, to explore how the deeply entrenched histories and traditions of India are being reimagined, and how questions of the extraordinary diversity of India are being reinterpreted in its architectural and urban landscape. AD traces this compelling story through the writings of Prem Chandavarkar, Sunil Khilnani, Anupama Kundoo, Reinhold Martin, Michael Sorkin, Anuradha Mathur and Dilip da Cunha, and others, as well as through the work of some 25 practices currently producing work on the Indian subcontinent. | ||
| 650 | 1 | 0 |
_aArchitecture and society _93793 |
| 650 | 1 | 0 |
_aArchitecture _zIndia _93794 |
| 700 | 1 |
_aAshraf, Kazi. _93795 |
|
| 830 | 0 |
_aArchitectural design. _93796 |
|
| 856 | 4 | 0 |
_3Amazon.com _uhttp://www.amazon.com/exec/obidos/ASIN/0470034769/chopaconline-20 |
| 942 |
_aSADA _cBK _k720.954 MAD 2007 _2ddc |
||
| 999 |
_c352952 _d352952 |
||